[Event "I Festival A"]
[Site "Cattolica ITA"]
[Date "2005.06.15"]
[Round "5"]
[White "Ragnoni, Edoardo"]
[Black "Trussardi, Giuseppe"]
[Result "1/2-1/2"]
[WhiteElo "1802"]
[BlackElo "1768"]
[PlyCount "51"]
[EventDate "2005.06.11"]

1.e4 d6 2.d4 Nf6 3.Nc3 c6 4.Nf3 Bg4 5.Be2 e6 6.O-O Be7 7.Be3 d5 8.e5 Nfd7 
9.Nd2 Bxe2 10.Nxe2 c5 11.c3 O-O 12.Nf4 Nc6 13.Qg4 Kh8 14.Nf3 Rg8 15.Nh3 
cxd4 16.cxd4 Nf8 17.Rac1 f5 18.exf6 gxf6 19.Qh5 Qe8 20.Qxe8 Rxe8 21.Nf4 
Kg7 22.Rc3 Kf7 23.Rfc1 Bd6 24.Nd3 Nd7 25.Rb3 Na5 26.Rbc3 1/2-1/2

[Event "I Festival A"]
[Site "Cattolica ITA"]
[Date "2005.06.15"]
[Round "5"]
[White "Ronchetti, Niccolo'"]
[Black "Meijers, Viesturs"]
[Result "0-1"]
[WhiteElo "2364"]
[BlackElo "2486"]
[PlyCount "76"]
[EventDate "2005.06.11"]

1.e4 c5 2.Nf3 e6 3.c3 d5 4.e5 d4 5.cxd4 cxd4 6.Bb5+ Bd7 7.Bxd7+ Qxd7 8.O-O
Ne7 9.d3 Nec6 10.Re1 Qd5 11.Bf4 Nd7 12.Nbd2 Bb4 13.a3 Bxd2 14.Nxd2 O-O 15.
Qe2 b5 16.Nf1 Rfc8 17.h4 Rc7 18.Ng3 Rac8 19.h5 h6 20.Rab1 Ne7 21.Qg4 Kh7 
22.Re2 Rc2 23.Rbe1 Rxe2 24.Rxe2 Nc6 25.Ne4 Ncxe5 26.Qg3 f6 27.Re1 Kh8 28.
Rd1 Nf7 29.Qh4 Nde5 30.Nxf6 gxf6 31.Qxf6+ Kh7 32.Re1 Rg8 33.Re4 Nf3+ 34.
Kf1 N3g5 35.Rxd4 Qb3 36.Ke1 Nf3+ 37.gxf3 Rg1+ 38.Kd2 Qxb2+ 0-1

[Event "I Festival A"]
[Site "Cattolica ITA"]
[Date "2005.06.15"]
[Round "5"]
[White "Safranska, Anda"]
[Black "Laketic, Gojko"]
[Result "1/2-1/2"]
[WhiteElo "2298"]
[BlackElo "2435"]
[PlyCount "72"]
[EventDate "2005.06.11"]

1.Nf3 Nf6 2.g3 g6 3.b3 Bg7 4.Bb2 O-O 5.Bg2 c5 6.c4 Nc6 7.O-O d6 8.d3 Rb8 
9.Nbd2 b5 10.cxb5 Rxb5 11.Nc4 e5 12.Nfd2 Qc7 13.Ne4 Rd8 14.Nxf6+ Bxf6 15.
Ne3 Ne7 16.Nd5 Nxd5 17.Bxd5 Bh3 18.Re1 Be6 19.Bxe6 fxe6 20.e4 Rf8 21.Qe2 
Rb7 22.Rac1 Qa5 23.Bc3 Qd8 24.Rc2 h5 25.Rf1 Bg5 26.h4 Bh6 27.Kg2 Qb6 28.
Bd2 Bxd2 29.Qxd2 Kg7 30.Qg5 Qb5 31.Qe3 Rbf7 32.f3 Kh7 33.Rcf2 Qa5 34.Qc1 
Qd8 35.Qc4 Qe7 36.Qc1 Qd8 1/2-1/2

[Event "I Festival A"]
[Site "Cattolica ITA"]
[Date "2005.06.15"]
[Round "5"]
[White "Squarci, Franco"]
[Black "Solaroli, Riccardo"]
[Result "0-1"]
[WhiteElo "1863"]
[BlackElo "1963"]
[PlyCount "124"]
[EventDate "2005.06.11"]

1.d4 Nf6 2.Nf3 g6 3.Nbd2 d5 4.Ne5 Bg7 5.Ndf3 O-O 6.e3 c5 7.c3 Nbd7 8.Bd3 
Qc7 9.O-O Nxe5 10.Nxe5 b6 11.Qe2 Bb7 12.Bd2 c4 13.Bc2 b5 14.a4 a6 15.Ra2 
Ne4 16.Nf3 Bc6 17.Rfa1 Qb7 18.h4 h6 19.Be1 Bd7 20.Nh2 Nd6 21.g4 e5 22.f3 
exd4 23.exd4 b4 24.Bd1 Rfe8 25.Qd2 b3 26.Ra3 Re6 27.Bg3 Rae8 28.Nf1 Bc6 
29.Bf4 Kh7 30.Kf2 Qe7 31.Bg3 h5 32.Bxd6 Qxd6 33.Ng3 hxg4 34.fxg4 Re3 35.
Bf3 Qf4 36.Qd1 Rd3 37.Qh1 Qe3+ 38.Kf1 Qxf3+ 39.Qxf3 Rxf3+ 40.Kg2 Rfe3 41.
Rf1 Kg8 42.h5 Bd7 43.hxg6 fxg6 44.g5 Bf8 45.Raa1 Bd6 46.Rf3 Bxg3 47.Kxg3 
Rxf3+ 48.Kxf3 Bf5 49.Rg1 Bd3 50.Kf4 Re4+ 51.Kg3 Re2 52.Rg2 Rxg2+ 53.Kxg2 
Kf7 54.Kf3 a5 55.Kf4 Ke6 56.Kg4 Kd6 57.Kf4 Bf5 58.Ke3 Bd7 59.Kd2 Ke6 60.
Ke3 Kf5 61.Kf3 Kxg5 62.Kg3 Bxa4 0-1

[Event "I Festival A"]
[Site "Cattolica ITA"]
[Date "2005.06.15"]
[Round "5"]
[White "Straub, Peter"]
[Black "Cox, John J."]
[Result "0-1"]
[WhiteElo "2112"]
[BlackElo "2322"]
[PlyCount "134"]
[EventDate "2005.06.11"]

1.e4 Nf6 2.d3 e5 3.Nd2 d5 4.Ngf3 Nc6 5.Be2 Bc5 6.O-O O-O 7.c3 Qe7 8.b4 Bb6
9.a4 dxe4 10.dxe4 a5 11.b5 Nb8 12.Qc2 Nbd7 13.Bb2 Nc5 14.c4 Nfd7 15.Rfd1 
f6 16.Nf1 Ne6 17.g3 Rd8 18.Rd2 Bc5 19.Bc3 b6 20.Rad1 Bb7 21.Re1 Ndf8 22.
Red1 Rxd2 23.Rxd2 Bb4 24.Ne3 Bxc3 25.Qxc3 Nc5 26.Nd5 Bxd5 27.Rxd5 Nxa4 28.
Qc2 Nc5 29.Nh4 g6 30.Bg4 a4 31.Ng2 a3 32.Rd1 h5 33.Bh3 a2 34.Ra1 Qd6 35.
Ne3 Qd4 36.Rxa2 Rxa2 37.Qxa2 Qc3 38.Nd5 Qe1+ 39.Bf1 Nxe4 40.Qe2 Qxe2 41.
Bxe2 Kf7 42.Nxc7 Nd7 43.Bf3 Nec5 44.Bd5+ Ke7 45.Kf1 e4 46.Ke2 f5 47.h4 Ne5
48.Na8 Ncd7 49.Nc7 Kd6 50.Ne6 Nf6 51.Nf4 Kc5 52.Ne6+ Kb4 53.Ke3 Nfg4+ 54.
Kf4 Nxc4 55.Kg5 Nce5 56.Nf4 Kc5 57.Bb3 Nxf2 58.Kf6 Nfg4+ 59.Kg5 e3 60.Bd1 
Nf2 61.Be2 Ne4+ 62.Kh6 Nxg3 63.Bd1 Kxb5 64.Kg5 Kc6 65.Kf6 Kd6 66.Kg5 Ne4+ 
67.Kh6 b5 0-1

[Event "I Festival A"]
[Site "Cattolica ITA"]
[Date "2005.06.15"]
[Round "5"]
[White "Torrisi, Andrea"]
[Black "De Toma, Francesco"]
[Result "1-0"]
[WhiteElo "1611"]
[BlackElo "1780"]
[PlyCount "94"]
[EventDate "2005.06.11"]

1.d4 g6 2.c4 Bg7 3.Nc3 d6 4.Nf3 Nd7 5.e4 e5 6.d5 Ne7 7.Be2 O-O 8.Bg5 f5 9.
Nb5 Nf6 10.Bxf6 Bxf6 11.Qc2 a6 12.Nc3 Kh8 13.O-O-O Rf7 14.h4 Ng8 15.Qd2 f4
16.g3 Bg7 17.Ng5 Rf6 18.gxf4 exf4 19.Rdg1 h5 20.f3 Nh6 21.Bd3 Qe8 22.Qg2 
Qe5 23.Nh3 Nf7 24.Ne2 b5 25.Ng5 Nh6 26.cxb5 axb5 27.Kb1 b4 28.Bc4 Ng4 29.
fxg4 Rf8 30.Nc1 f3 31.Qf2 hxg4 32.Nd3 Qe7 33.Ne6 Bxe6 34.dxe6 c5 35.Rxg4 
Bd4 36.Qf1 Qf6 37.Rf4 Qg7 38.Qxf3 Rxf4 39.Qxf4 Rf8 40.Qxd6 Qf6 41.h5 g5 
42.Qc7 Qf3 43.Re1 g4 44.h6 g3 45.e5 Qg4 46.e7 Re8 47.Qc6 Qf5 1-0

[Event "I Festival A"]
[Site "Cattolica ITA"]
[Date "2005.06.15"]
[Round "5"]
[White "Volpinari, Danilo"]
[Black "Schaefer, Michael"]
[Result "0-1"]
[WhiteElo "2044"]
[BlackElo "2202"]
[PlyCount "116"]
[EventDate "2005.06.11"]

1.e4 c5 2.Nf3 d6 3.d4 cxd4 4.Nxd4 Nf6 5.Nc3 e6 6.Be2 Be7 7.O-O Nc6 8.f4 
Bd7 9.Be3 Nxd4 10.Bxd4 Bc6 11.Bf3 O-O 12.Qe1 Nd7 13.Rd1 Qc7 14.e5 dxe5 15.
fxe5 Rad8 16.Qg3 Bxf3 17.Rxf3 Bc5 18.Rfd3 Nxe5 19.Ne4 Bxd4+ 20.Rxd4 Rxd4 
21.Rxd4 f6 22.Qb3 Re8 23.Nd6 Qc5 24.c3 Re7 25.Nf5 Nf3+ 26.gxf3 Qxf5 27.Qd1
h5 28.a4 Kh7 29.b4 Rc7 30.c4 a5 31.bxa5 Qxa5 32.Qd3+ Kh6 33.Qe3+ Qg5+ 34.
Kf2 e5 35.Qxg5+ Kxg5 36.h4+ Kf5 37.Re4 Rc5 38.Ke3 Ra5 39.f4 Rxa4 40.fxe5 
Ra3+ 41.Kd4 fxe5+ 42.Rxe5+ Kg4 43.Rg5+ Kxh4 44.Rxg7 Rb3 45.c5 Kh3 46.Ke5 
h4 47.Kd6 Kh2 48.Kc7 h3 49.Kb8 Rb5 50.Rxb7 Rxc5 51.Rb2+ Kg3 52.Rb3+ Kg4 
53.Rb4+ Kg5 54.Rb3 h2 55.Rh3 Rc2 56.Kb7 Kg4 57.Rh8 Kg3 58.Rg8+ Kf2 0-1

[Event "I Festival A"]
[Site "Cattolica ITA"]
[Date "2005.06.16"]
[Round "6"]
[White "Bellin, Robert Cecil"]
[Black "Isonzo, David"]
[Result "1/2-1/2"]
[WhiteElo "2397"]
[BlackElo "2325"]
[PlyCount "38"]
[EventDate "2005.06.11"]

1.e4 c5 2.Nf3 g6 3.h4 h6 4.d4 cxd4 5.Qxd4 Nf6 6.e5 Nc6 7.Qa4 Nd5 8.Qb3 Nc7
9.Bc4 Ne6 10.Bxe6 dxe6 11.Bf4 Bg7 12.Nbd2 Qd5 13.O-O-O Qxb3 14.axb3 b6 15.
c3 Bb7 16.b4 O-O-O 17.b5 Nb8 18.Kc2 a6 19.bxa6 Nxa6 1/2-1/2

[Event "I Festival A"]
[Site "Cattolica ITA"]
[Date "2005.06.16"]
[Round "6"]
[White "Calza, Gabriele"]
[Black "Garofalo, Sergio"]
[Result "1-0"]
[WhiteElo "1790"]
[BlackElo "1903"]
[PlyCount "81"]
[EventDate "2005.06.11"]

1.c4 f5 2.g3 Nf6 3.Bg2 e6 4.Nc3 Be7 5.d3 d6 6.e4 fxe4 7.dxe4 O-O 8.Nge2 c6
9.O-O e5 10.h3 Be6 11.b3 Na6 12.Be3 Qe8 13.Nc1 Rd8 14.Bxa7 Qg6 15.Qe2 h5 
16.Nd3 Nc5 17.Bxc5 dxc5 18.Nxe5 Qh6 19.Rad1 Rde8 20.f4 Nh7 21.Nd7 Rf7 22.
Ne5 Rff8 23.Nf3 Bc8 24.Kh2 h4 25.Nxh4 Bxh4 26.gxh4 Rxf4 27.Qe3 Rxh4 28.
Qxh6 Rxh6 29.e5 Ng5 30.Rd3 Kh7 31.Ne4 Nxe4 32.Bxe4+ g6 33.Rf7+ Kg8 34.Rc7 
Rf8 35.Rg3 Rf2+ 36.Kg1 Rf8 37.Bxg6 Kh8 38.Bd3 Bxh3 39.Rgg7 Re8 40.Rh7+ 
Rxh7 41.Rxh7+ 1-0

[Event "I Festival A"]
[Site "Cattolica ITA"]
[Date "2005.06.16"]
[Round "6"]
[White "Chatalbashev, Boris"]
[Black "Lazarev, Vladimir"]
[Result "1-0"]
[WhiteElo "2499"]
[BlackElo "2507"]
[PlyCount "91"]
[EventDate "2005.06.11"]

1.d4 Nf6 2.c4 e6 3.Nc3 Bb4 4.Nf3 d5 5.cxd5 exd5 6.Bg5 h6 7.Bxf6 Qxf6 8.
Qa4+ Nc6 9.e3 O-O 10.Be2 Be6 11.a3 Bd6 12.Nb5 Bg4 13.Rc1 Ne7 14.Nxd6 Qxd6 
15.Qb4 Qxb4+ 16.axb4 c6 17.b5 Rfc8 18.Kd2 Kf8 19.h3 Be6 20.Ne5 cxb5 21.
Bxb5 Nf5 22.Bd3 Nd6 23.Rxc8+ Rxc8 24.Ra1 a6 25.f3 g5 26.e4 Ke7 27.exd5 
Bxd5 28.Re1 Be6 29.Ng4 h5 30.Nf2 Kd7 31.Ne4 Nxe4+ 32.fxe4 f6 33.d5 Bg8 34.
Rf1 Ke7 35.Ke3 a5 36.Kd4 Bf7 37.g4 hxg4 38.hxg4 Rh8 39.e5 fxe5+ 40.Kxe5 
Be8 41.Bf5 Rh2 42.d6+ Kd8 43.d7 Bf7 44.Rc1 Ke7 45.d8=Q+ Kxd8 46.Kf6 1-0

[Event "I Festival A"]
[Site "Cattolica ITA"]
[Date "2005.06.16"]
[Round "6"]
[White "Cox, John J."]
[Black "Dittmar, Peter"]
[Result "1/2-1/2"]
[WhiteElo "2322"]
[BlackElo "2319"]
[PlyCount "139"]
[EventDate "2005.06.11"]

1.d4 d5 2.c4 e6 3.Nc3 c5 4.cxd5 exd5 5.Nf3 Nc6 6.g3 Nf6 7.Bg2 Be7 8.O-O 
O-O 9.Bg5 Be6 10.Rc1 c4 11.Ne5 Nd7 12.Bxe7 Nxe7 13.Nxd7 Qxd7 14.b3 Rac8 
15.Na4 cxb3 16.Qxb3 b6 17.Nb2 Nc6 18.Qa4 Qd6 19.Nd3 Na5 20.Qb4 Qd7 21.Nf4 
h6 22.Rfe1 Rfd8 23.Nxe6 Qxe6 24.Qb5 Nc6 25.Qa4 g6 26.e3 Kg7 27.Bf1 Qd6 28.
Rc2 Qb4 29.Qxb4 Nxb4 30.Rxc8 Rxc8 31.a3 Na2 32.Bg2 Nc3 33.Kf1 b5 34.Rc1 
Rc7 35.Ke1 a5 36.Kd2 b4 37.axb4 axb4 38.Rc2 Kf6 39.Rb2 Rb7 40.Kc2 Ke6 41.
Kb3 Kd6 42.Rc2 g5 43.Bh3 Rb8 44.Bf5 f6 45.g4 Rb6 46.Bd3 Rb8 47.h3 Rb7 48.
Rc1 Ra7 49.Rc2 Rb7 50.Bf5 Rb8 51.f3 Rb7 52.Rc1 Ra7 53.Re1 Rb7 54.Ra1 Rb6 
55.h4 gxh4 56.Rh1 Rb7 57.Rxh4 Re7 58.Rxh6 Rxe3 59.Kxb4 Ne2 60.Rxf6+ Ke7 
61.g5 Nxd4 62.Bg4 Ne2 63.Ra6 d4 64.g6 d3 65.g7 Kf7 66.Rg6 Re8 67.Rd6 Kxg7 
68.Rxd3 Kf6 69.Rd5 Re5 70.Rd8 1/2-1/2

[Event "I Festival A"]
[Site "Cattolica ITA"]
[Date "2005.06.16"]
[Round "6"]
[White "Di Majo, Carlo"]
[Black "Straub, Peter"]
[Result "1-0"]
[WhiteElo "1982"]
[BlackElo "2112"]
[PlyCount "65"]
[EventDate "2005.06.11"]

1.d4 Nf6 2.Nf3 e6 3.e3 b6 4.Bd3 Bb7 5.Nbd2 c5 6.c3 cxd4 7.exd4 Be7 8.Qe2 
Nd5 9.Nc4 f5 10.O-O O-O 11.a4 Nc6 12.Nfe5 Nxe5 13.Nxe5 a6 14.Bd2 d6 15.Nf3
Qd7 16.Rfe1 Nc7 17.Bc4 Rf6 18.Ng5 Bc8 19.Nxe6 Rxe6 20.Bxe6+ Nxe6 21.d5 Qe8
22.dxe6 Bb7 23.Be3 Rc8 24.f3 Rc6 25.Qf2 Qd8 26.Bd4 f4 27.Re4 d5 28.Rxf4 
Rxe6 29.Re1 Rxe1+ 30.Qxe1 Bc8 31.Qe5 Bf6 32.Qh5 Bg5 33.Qf7+ 1-0

[Event "I Festival A"]
[Site "Cattolica ITA"]
[Date "2005.06.16"]
[Round "6"]
[White "Friedrich, Norbert"]
[Black "Grau, Peter"]
[Result "1-0"]
[WhiteElo "2303"]
[BlackElo "2082"]
[PlyCount "109"]
[EventDate "2005.06.11"]

1.e4 e5 2.Nf3 Nc6 3.Bb5 a6 4.Ba4 Nf6 5.d4 b5 6.dxe5 bxa4 7.exf6 Qxf6 8.O-O
Be7 9.Nc3 Qg6 10.Nxa4 O-O 11.Nc3 d6 12.Nd5 Bd8 13.Re1 Rb8 14.Qd3 Re8 15.
Bd2 Bb7 16.Bc3 f6 17.Nh4 Qf7 18.Nf5 Ne5 19.Qg3 Qg6 20.Qf4 Qg5 21.Qxg5 fxg5
22.Rad1 Bc6 23.b3 Kf7 24.h3 Bd7 25.Ng3 Bc6 26.Re3 Kg8 27.Bd4 a5 28.Rc3 
Bxd5 29.exd5 Rb5 30.Bxe5 Rxe5 31.Re3 Bf6 32.Rxe5 Bxe5 33.Ne4 a4 34.Nxg5 a3
35.Ne6 Rb8 36.c4 Rc8 37.Nd4 Kf7 38.Kf1 Kg6 39.Nb5 Bb2 40.Re1 Kf6 41.Re6+ 
Kg5 42.g3 Rf8 43.Kg2 Rf7 44.f3 g6 45.Re8 h5 46.f4+ Kh6 47.h4 Rd7 48.Kf3 
Rf7 49.Rc8 Re7 50.Kf2 Bc1 51.Rxc7 Re3 52.Nxa3 Rc3 53.Nb5 Rc2+ 54.Kf3 Rxa2 
55.Nxd6 1-0

[Event "I Festival A"]
[Site "Cattolica ITA"]
[Date "2005.06.16"]
[Round "6"]
[White "Frilli, Guido"]
[Black "Safranska, Anda"]
[Result "1/2-1/2"]
[WhiteElo "2117"]
[BlackElo "2298"]
[PlyCount "90"]
[EventDate "2005.06.11"]

1.e4 g6 2.d4 c6 3.Nc3 Bg7 4.Be3 d6 5.a4 Nf6 6.h3 a5 7.Nge2 Na6 8.g4 Nb4 9.
Bg2 O-O 10.O-O e5 11.Qd2 Qe7 12.f4 exf4 13.Bxf4 Ne8 14.Bg5 f6 15.Bh4 Nc7 
16.Rad1 Bd7 17.e5 d5 18.Nc1 Ne6 19.N3e2 g5 20.exf6 Bxf6 21.Bg3 Na6 22.c3 
Nac7 23.Nd3 Ne8 24.Ne5 Nd6 25.b3 Rad8 26.Nc1 Be8 27.Rde1 Bxe5 28.Rxf8+ 
Qxf8 29.Rxe5 Bf7 30.Rxe6 Bxe6 31.Qxg5+ Kf7 32.Nd3 Ke8 33.Ne5 Bf7 34.Bh4 
Rd7 35.Nxd7 Kxd7 36.Qf6 Qe8 37.Kh2 Bg6 38.Qg7+ Qf7 39.Qh8 Qe8 40.Qg7+ Qf7 
41.Qe5 Bc2 42.Qh8 Qe8 43.Qg7+ Qf7 44.Qh8 Qe8 45.Qg7+ Qf7 1/2-1/2

[Event "I Festival A"]
[Site "Cattolica ITA"]
[Date "2005.06.16"]
[Round "6"]
[White "Fronzi, Ettore"]
[Black "Dallaglio, Giovanni"]
[Result "1/2-1/2"]
[WhiteElo "1790"]
[BlackElo "2038"]
[PlyCount "48"]
[EventDate "2005.06.11"]

1.d4 d5 2.Nf3 Nf6 3.g3 e6 4.Bg2 Be7 5.O-O O-O 6.Nbd2 Nbd7 7.b3 b6 8.Bb2 c5
9.e3 Bb7 10.Ne5 cxd4 11.exd4 Nxe5 12.dxe5 Nd7 13.Qg4 Qc7 14.Qd4 Rac8 15.
Rac1 b5 16.Rfe1 a5 17.a3 Nb6 18.Bf1 Ba6 19.a4 Qc6 20.Qd3 Nc4 21.bxc4 bxc4 
22.Qd4 c3 23.Bb5 Bxb5 24.axb5 Qc7 1/2-1/2

[Event "I Festival A"]
[Site "Cattolica ITA"]
[Date "2005.06.16"]
[Round "6"]
[White "Laketic, Gojko"]
[Black "Brancaleoni, Maurizio"]
[Result "1/2-1/2"]
[WhiteElo "2435"]
[BlackElo "2296"]
[PlyCount "60"]
[EventDate "2005.06.11"]

1.d4 Nf6 2.c4 g6 3.Nc3 Bg7 4.e4 d6 5.Nf3 O-O 6.h3 c5 7.d5 Na6 8.Bd3 Nc7 9.
O-O e5 10.dxe6 Nxe6 11.Be3 Nd7 12.Be2 Ne5 13.Nxe5 dxe5 14.Nd5 b6 15.a4 a5 
16.Ra3 Bd7 17.Rd3 Nd4 18.Bxd4 cxd4 19.Bg4 Bc6 20.Re1 h5 21.Bf3 Rc8 22.Qb3 
Bxd5 23.cxd5 Rc5 24.Rdd1 Bf6 25.Be2 Be7 26.Qg3 Bf6 27.Rc1 Qe7 28.Bc4 Kg7 
29.Bb5 Rd8 30.Qb3 Bg5 1/2-1/2

[Event "I Festival A"]
[Site "Cattolica ITA"]
[Date "2005.06.16"]
[Round "6"]
[White "Lucchi, Lorenzo"]
[Black "Manconi, Antonio"]
[Result "1-0"]
[WhiteElo "1870"]
[BlackElo "1972"]
[PlyCount "29"]
[EventDate "2005.06.11"]

1.e4 c5 2.Nf3 Nc6 3.d4 cxd4 4.Nxd4 Nf6 5.Nc3 e5 6.Ndb5 d6 7.Bg5 a6 8.Bxf6 
gxf6 9.Na3 b5 10.Qh5 b4 11.Bc4 Kd7 12.Nd5 bxa3 13.Qf5+ Ke8 14.Nxf6+ Ke7 
15.Ng8+ 1-0

[Event "I Festival A"]
[Site "Cattolica ITA"]
[Date "2005.06.16"]
[Round "6"]
[White "Marini, Lucio"]
[Black "Cerasi, Umberto"]
[Result "0-1"]
[WhiteElo "1527"]
[BlackElo "2002"]
[PlyCount "90"]
[EventDate "2005.06.11"]

1.d4 Nf6 2.c4 e6 3.Nf3 c5 4.d5 exd5 5.cxd5 d6 6.Nc3 g6 7.e4 Bg7 8.Be2 O-O 
9.O-O a6 10.a4 Bg4 11.Nd2 Bxe2 12.Qxe2 Re8 13.Nc4 Re7 14.Bf4 Ne8 15.Qc2 
Qc7 16.a5 Nd7 17.Na4 Rd8 18.Nab6 Bd4 19.Kh1 Ndf6 20.f3 Nh5 21.Bh6 Nhg7 22.
Rae1 f6 23.g4 Rf7 24.Qg2 Qe7 25.f4 Qf8 26.g5 fxg5 27.fxg5 Qe7 28.Rxf7 Qxf7
29.Rf1 Qe7 30.Qg4 Kh8 31.Qf4 Kg8 32.h4 Nc7 33.Kg2 Nb5 34.Na4 Re8 35.Nd2 
Be5 36.Qg4 Nd4 37.Nc3 Nc2 38.Qe2 Nh5 39.Qd3 Nd4 40.Qe3 Qd7 41.Qh3 Nf4+ 42.
Rxf4 Qxh3+ 43.Kxh3 Bxf4 44.Nc4 Nb5 45.Kg4 Nxc3 0-1

[Event "I Festival A"]
[Site "Cattolica ITA"]
[Date "2005.06.16"]
[Round "6"]
[White "Nardi, Marco"]
[Black "Barlocco, Carlo"]
[Result "0-1"]
[WhiteElo "2017"]
[BlackElo "2195"]
[PlyCount "66"]
[EventDate "2005.06.11"]

1.e4 b6 2.d4 e6 3.Bd3 Bb7 4.Nf3 c5 5.c3 Nf6 6.Qe2 Be7 7.e5 Nd5 8.c4 Nb4 9.
Be4 Qc7 10.a3 Bxe4 11.Qxe4 Qc6 12.Qxc6 N4xc6 13.d5 Na5 14.Nbd2 O-O 15.Rb1 
f6 16.b4 Nb7 17.dxe6 dxe6 18.Ne4 Nc6 19.b5 Nxe5 20.Nxe5 fxe5 21.O-O Na5 
22.Nd2 Rad8 23.Re1 Rd3 24.Rxe5 Nxc4 25.Rxe6 Nxd2 26.Bxd2 Rxd2 27.Rxe7 
Rfxf2 28.Rbe1 Rxg2+ 29.Kh1 Rxh2+ 30.Kg1 Rdg2+ 31.Kf1 h5 32.Re8+ Kh7 33.
R1e7 h4 0-1

[Event "I Festival A"]
[Site "Cattolica ITA"]
[Date "2005.06.16"]
[Round "6"]
[White "Okhotnik, Vladimir"]
[Black "Meijers, Viesturs"]
[Result "1/2-1/2"]
[WhiteElo "2417"]
[BlackElo "2486"]
[PlyCount "27"]
[EventDate "2005.06.11"]

1.e4 e5 2.Nf3 Nf6 3.Nxe5 d6 4.Nf3 Nxe4 5.Qe2 Qe7 6.d3 Nf6 7.Bg5 Qxe2+ 8.
Bxe2 Be7 9.Nc3 c6 10.O-O-O Na6 11.h3 Nc5 12.Rhe1 Ne6 13.Bd2 Bd7 14.d4 
1/2-1/2

[Event "I Festival A"]
[Site "Cattolica ITA"]
[Date "2005.06.16"]
[Round "6"]
[White "Orfei, Rolando"]
[Black "Magalotti, Andrea"]
[Result "1-0"]
[WhiteElo "1943"]
[BlackElo "2169"]
[PlyCount "67"]
[EventDate "2005.06.11"]

1.b3 d5 2.Bb2 c5 3.e3 Nc6 4.f4 Nf6 5.Nf3 Bg4 6.h3 Bxf3 7.Qxf3 Qd6 8.Bb5 
Nd7 9.O-O e6 10.Na3 f6 11.c4 a6 12.cxd5 exd5 13.Bxc6 Qxc6 14.Rac1 Kf7 15.
Nc2 Qe6 16.f5 Qd6 17.Qh5+ Kg8 18.d4 b6 19.Qf3 Rd8 20.Rfe1 Nb8 21.e4 dxe4 
22.Qxe4 Nc6 23.dxc5 Qd5 24.cxb6 Bc5+ 25.Kh1 Kf7 26.Qxd5+ Rxd5 27.Re6 Ne7 
28.g4 Rhd8 29.b7 Rd1+ 30.Rxd1 Rxd1+ 31.Re1 Rd8 32.Ba3 Bxa3 33.Nxa3 Rb8 34.
Nc4 1-0

[Event "I Festival A"]
[Site "Cattolica ITA"]
[Date "2005.06.16"]
[Round "6"]
[White "Pivotto, Carlo"]
[Black "Sautto, Alessandra"]
[Result "1/2-1/2"]
[WhiteElo "1802"]
[BlackElo "1968"]
[PlyCount "20"]
[EventDate "2005.06.11"]

1.e4 d5 2.exd5 Qxd5 3.Nc3 Qe5+ 4.Qe2 Qxe2+ 5.Bxe2 c6 6.Nf3 Nf6 7.O-O Bg4 
8.h3 Bh5 9.Ne5 Bxe2 10.Nxe2 Nbd7 1/2-1/2

[Event "I Festival A"]
[Site "Cattolica ITA"]
[Date "2005.06.16"]
[Round "6"]
[White "Popa, Claudiu"]
[Black "De Zordi, Fabio"]
[Result "1-0"]
[WhiteElo "2186"]
[BlackElo "1733"]
[PlyCount "63"]
[EventDate "2005.06.11"]

1.e4 e6 2.d4 d5 3.Nd2 Nf6 4.e5 Nfd7 5.Bd3 c5 6.c3 Nc6 7.Ne2 cxd4 8.cxd4 f6
9.exf6 Nxf6 10.O-O Bd6 11.Nf3 Qc7 12.Bg5 O-O 13.Bh4 e5 14.dxe5 Nxe5 15.
Nxe5 Bxe5 16.Bg3 Bd7 17.Rc1 Bc6 18.Nd4 Bxg3 19.hxg3 Rfe8 20.Qd2 a5 21.Bb5 
Ne4 22.Qd3 Bxb5 23.Nxb5 Qe5 24.Nc7 Rac8 25.Nxe8 Rxc1 26.Rxc1 Qxb2 27.Rc2 
Qa1+ 28.Kh2 Qe5 29.Rc8 Kf7 30.Qf3+ Nf6 31.Nxf6 gxf6 32.Rd8 1-0

[Event "I Festival A"]
[Site "Cattolica ITA"]
[Date "2005.06.16"]
[Round "6"]
[White "Ragnoni, Edoardo"]
[Black "Torrisi, Andrea"]
[Result "1-0"]
[WhiteElo "1802"]
[BlackElo "1611"]
[PlyCount "59"]
[EventDate "2005.06.11"]

1.e4 c5 2.Nf3 Nc6 3.d4 cxd4 4.Nxd4 Nf6 5.Nc3 e5 6.Ndb5 d6 7.Nd5 Nxd5 8.
exd5 Ne7 9.c4 a6 10.Qa4 axb5 11.Qxa8 bxc4 12.Bxc4 Qb6 13.O-O Qc5 14.Bb3 
Qc7 15.Bd2 b6 16.Rac1 Qb7 17.Qxb7 Bxb7 18.Rc7 Ba6 19.Rfc1 Nc8 20.Rxc8+ 
Bxc8 21.Rxc8+ Kd7 22.Rc6 Be7 23.Rxb6 Ra8 24.Rb7+ Kd8 25.a4 f5 26.a5 Bf6 
27.Bc4 e4 28.b3 f4 29.a6 Bd4 30.Bxf4 1-0

[Event "I Festival A"]
[Site "Cattolica ITA"]
[Date "2005.06.16"]
[Round "6"]
[White "Raineri, Valerio"]
[Black "Baldelli, Alex"]
[Result "1/2-1/2"]
[WhiteElo "2145"]
[BlackElo "1901"]
[PlyCount "42"]
[EventDate "2005.06.11"]

1.e4 c5 2.Nf3 e6 3.d4 cxd4 4.Nxd4 Nf6 5.Nc3 d6 6.Be3 Be7 7.f3 a6 8.Qd2 Qc7
9.g4 Nc6 10.O-O-O b5 11.Nxc6 Qxc6 12.Ne2 Bb7 13.h4 Nd7 14.g5 Ne5 15.Nd4 
Qc7 16.Kb1 d5 17.Bf4 Bd6 18.Qh2 Nc4 19.Bxd6 Nxd6 20.Qe5 O-O-O 21.exd5 Bxd5
1/2-1/2

[Event "I Festival A"]
[Site "Cattolica ITA"]
[Date "2005.06.16"]
[Round "6"]
[White "Rocchetti, Marco"]
[Black "Battistella, Stefano"]
[Result "0-1"]
[WhiteElo "1937"]
[BlackElo "2055"]
[PlyCount "118"]
[EventDate "2005.06.11"]

1.d4 Nf6 2.Nf3 e6 3.Bf4 b6 4.e3 Bb7 5.Nbd2 Be7 6.Bd3 Nh5 7.Bg3 Nxg3 8.hxg3
h6 9.Qe2 d6 10.O-O-O c5 11.Rh2 a6 12.e4 b5 13.dxc5 dxc5 14.e5 Qa5 15.Kb1 
c4 16.Be4 Nc6 17.Bxc6+ Bxc6 18.Ne4 Bd5 19.Nd6+ Bxd6 20.exd6 c3 21.a3 cxb2 
22.Kxb2 b4 23.axb4 Qxb4+ 24.Kc1 Qa3+ 25.Kd2 Qxd6 26.Ke1 Qb4+ 27.Qd2 Qe4+ 
28.Qe2 Qxe2+ 29.Kxe2 O-O 30.Rh4 Rfc8 31.Rd2 Rc3 32.Ra4 Rac8 33.Kd1 Bc4 34.
Ne1 Bb5 35.Rad4 Kh7 36.f3 a5 37.Kc1 a4 38.Rb4 Be8 39.Kb2 e5 40.Rd3 a3+ 41.
Ka2 f6 42.Rxc3 Rxc3 43.Rb8 Bf7+ 44.Ka1 Re3 45.Rb1 Re2 46.g4 Bc4 47.Rc1 Kg6
48.Kb1 Kg5 49.g3 f5 50.gxf5 Kxf5 51.c3 e4 52.Ka1 Ra2+ 53.Kb1 Rf2 54.fxe4+ 
Kxe4 55.Ka1 Ke3 56.Nc2+ Kd2 57.Nxa3 Kxc1 58.Nxc4 Kc2 59.Na5 Rf6 0-1

[Event "I Festival A"]
[Site "Cattolica ITA"]
[Date "2005.06.16"]
[Round "6"]
[White "Russo, Carmelo"]
[Black "Gandolfi, Gianfranco"]
[Result "1/2-1/2"]
[WhiteElo "1763"]
[BlackElo "1967"]
[PlyCount "29"]
[EventDate "2005.06.11"]

1.Nf3 c5 2.b3 Nc6 3.c4 e6 4.Bb2 Nf6 5.g3 d5 6.Ne5 Bd6 7.Nxc6 bxc6 8.Bg2 
O-O 9.O-O Qc7 10.Bxf6 gxf6 11.d3 e5 12.cxd5 cxd5 13.Nc3 Bb7 14.Nxd5 Bxd5 
15.Bxd5 1/2-1/2

[Event "I Festival A"]
[Site "Cattolica ITA"]
[Date "2005.06.16"]
[Round "6"]
[White "Sautto, Daniele"]
[Black "Radovanovic, Jovica"]
[Result "1/2-1/2"]
[WhiteElo "2119"]
[BlackElo "2340"]
[PlyCount "115"]
[EventDate "2005.06.11"]

1.e4 e5 2.Nf3 Nc6 3.Bb5 a6 4.Ba4 Nf6 5.O-O Be7 6.Re1 b5 7.Bb3 d6 8.c3 O-O 
9.h3 Nd7 10.a4 Bb7 11.d4 Bf6 12.d5 Ne7 13.axb5 axb5 14.Rxa8 Qxa8 15.Na3 
Ba6 16.Nc2 Nc5 17.Nb4 Nxb3 18.Qxb3 Bc8 19.Rd1 Bd7 20.Be3 Rb8 21.Ne1 h6 22.
Nec2 Qa4 23.Qxa4 bxa4 24.f3 Bg5 25.Kf2 Bxe3+ 26.Kxe3 h5 27.h4 f5 28.g3 
fxe4 29.fxe4 Rf8 30.Nd3 Nc8 31.Nf2 Nb6 32.Na3 Rf6 33.Rd2 Kf8 34.Nd3 Ke7 
35.Rf2 Rg6 36.Kf3 c6 37.c4 c5 38.Ne1 Bg4+ 39.Kg2 Bd1 40.Nec2 Bxc2 41.Rxc2 
Rh6 42.Rc1 Rh8 43.Kf3 Rf8+ 44.Ke3 Nd7 45.Nb5 Rb8 46.Rf1 g6 47.Kd3 Ra8 48.
Ra1 Nb6 49.Nc3 Rf8 50.Nxa4 Nxa4 51.Rxa4 Rf3+ 52.Ke2 Rxg3 53.Ra7+ Kd8 54.
Ra6 Kc7 55.Ra7+ Kc8 56.Ra6 Kc7 57.Ra7+ Kc8 58.Ra6 1/2-1/2

[Event "I Festival A"]
[Site "Cattolica ITA"]
[Date "2005.06.16"]
[Round "6"]
[White "Schaefer, Michael"]
[Black "Ronchetti, Niccolo'"]
[Result "0-1"]
[WhiteElo "2202"]
[BlackElo "2364"]
[PlyCount "82"]
[EventDate "2005.06.11"]

1.d4 d5 2.c4 c6 3.Nc3 e5 4.e3 exd4 5.Qxd4 Nf6 6.cxd5 cxd5 7.Nf3 Bd6 8.Be2 
O-O 9.O-O Nc6 10.Qd3 a6 11.Rd1 Be6 12.b3 Rc8 13.Bb2 Bb8 14.Ba3 Re8 15.Rac1
Qa5 16.Bb2 Rcd8 17.Qd2 Qc7 18.g3 Ba7 19.Na4 Ne4 20.Qe1 Qe7 21.Nd4 Bh3 22.
Bf1 Ng5 23.Qe2 Qe4 24.f4 Bxd4 25.Bxd4 Bxf1 26.Qxf1 Nf3+ 27.Kf2 Nxh2 28.Qe2
f5 29.Rxc6 bxc6 30.Nc5 Qe7 31.Qxa6 Ng4+ 32.Kf3 Qf7 33.Rh1 Ra8 34.Qe2 Ra7 
35.Nd3 Rae7 36.Ne5 Nxe5+ 37.Bxe5 d4 38.Rc1 Qd5+ 39.Kf2 Rxe5 40.fxe5 Rxe5 
41.Rd1 Rxe3 0-1

[Event "I Festival A"]
[Site "Cattolica ITA"]
[Date "2005.06.16"]
[Round "6"]
[White "Solaroli, Riccardo"]
[Black "Leali, Claudio"]
[Result "1-0"]
[WhiteElo "1963"]
[BlackElo "1702"]
[PlyCount "71"]
[EventDate "2005.06.11"]

1.e4 e5 2.f4 d5 3.exd5 e4 4.d3 Qxd5 5.Nc3 Bb4 6.Bd2 Bxc3 7.Bxc3 f6 8.Qe2 
Bf5 9.g4 Bd7 10.Bg2 Nc6 11.Bxe4 Qe6 12.f5 Qe7 13.O-O-O O-O-O 14.Re1 Nh6 
15.Bxc6 Qxe2 16.Bxd7+ Rxd7 17.Rxe2 Nxg4 18.Nf3 Rhd8 19.Rhe1 Nh6 20.Nh4 Rd5
21.Re7 Rg8 22.Rg1 Rd7 23.Rxd7 Kxd7 24.Kd2 Ke7 25.Re1+ Kf7 26.Bb4 Re8 27.
Rxe8 Kxe8 28.h3 Kf7 29.Bc5 a6 30.Be3 Ng8 31.Bf4 c6 32.Ke3 g6 33.fxg6+ hxg6
34.Bd6 Nh6 35.Ke4 Ke6 36.Bf8 1-0